000 00471nam a22001817a 4500
003 OSt
005 20260206051321.0
008 260206b |||||||| |||| 00| 0 eng d
020 _a971-550-166-4
040 _aDWCL-Main Lib
_cOC
082 _aFil. 899.2113 F818 1986
100 _aFrancisco, Lazaro
245 _aDaluyong
260 _aQuezon City :
_bADMU,
_cc1986
300 _aviii, 340 p. ;
_c18 cm.
650 _aFilipino fiction.
942 _2ddc
_cBK-FIL
_mFil.
_n0
999 _c8307
_d8307